Passages beyond the gate : (Record no. 1018)

MARC details
000 -LEADER
fixed length control field 00789nam a2200217 4500
001 - CONTROL NUMBER
control field 1386
005 - DATE AND TIME OF LATEST TRANSACTION
control field 20181127163220.0
008 - FIXED-LENGTH DATA ELEMENTS--GENERAL INFORMATION
fixed length control field 961031s1996 maua b 000 0 eng
010 ## - LIBRARY OF CONGRESS CONTROL NUMBER
LC control number 96215797
020 ## - INTERNATIONAL STANDARD BOOK NUMBER
International Standard Book Number 0536595003
043 ## - GEOGRAPHIC AREA CODE
Geographic area code n-us---
100 1# - MAIN ENTRY--PERSONAL NAME
Personal name Jennings, George-Harold.
245 10 - TITLE STATEMENT
Title Passages beyond the gate :
Remainder of title a Jungian approach to understanding the nature of American psychology at the dawn of the new millenium /
Statement of responsibility, etc. George-Harold Jennings.
260 ## - PUBLICATION, DISTRIBUTION, ETC.
Place of publication, distribution, etc. Needham Heights, MA :
Name of publisher, distributor, etc. Simon & Schuster Custom Pub.,
Date of publication, distribution, etc. c1996.
300 ## - PHYSICAL DESCRIPTION
Extent xviii, 269 p. :
Other physical details ill. ;
Dimensions 28 cm.
504 ## - BIBLIOGRAPHY, ETC. NOTE
Bibliography, etc. note Includes bibliographical references.
600 10 - SUBJECT ADDED ENTRY--PERSONAL NAME
Personal name Jung, C. G.
Fuller form of name (Carl Gustav),
Dates associated with a name 1875-1961.
650 #0 - SUBJECT ADDED ENTRY--TOPICAL TERM
Topical term or geographic name entry element Jungian psychology.
Topical term or geographic name entry element Psychoanalysis.
Topical term or geographic name entry element Psychology
Geographic subdivision United States.
Holdings
Withdrawn status Lost status Source of classification or shelving scheme Damaged status Not for loan Collection code Home library Current library Shelving location Serial Enumeration / chronology Inventory number Total Checkouts Full call number Barcode Date last seen Price effective from Koha item type
    Dewey Decimal Classification     Main TEST RTC Library RTC Library Main opac 672   150.19 JEN 30004991 27/11/2018 27/11/2018 Main
Royal Thimphu College || All Right Reserved